000 01142cam a22002895a 4500
005 20081020032651.0
008 081003s2008 ii ab b 001 0 eng
010 _aENG-92617
020 _a8188973785
_c220.00
035 _aEN-76150
037 _bDBAD / PUB
040 _adpl
_bEnglish
082 _a616.89
100 _aPatel, Vikram
245 _aWhere there is no psychiatrist:
_cby Vikram Patel; illustrated by Wilson D'Souza
_ba mental health care manual /
260 _aNew Delhi
_bVoluntary Health Association of India
_c2002
270 _aB-40, Qutab Institutional Area, South of IIT,
_bNew Delhi
_e110016
300 _axxii, 266p.:
_c25cm (pbk)
_bill.
500 _aIncludes glossary and index
650 _aPsychiatry.
650 _aPsychiatry.
_zDeveloping countries.
650 _aMental illness.
650 _aMental illness.
_zDeveloping countries.
700 _aD'Souza, Wilson
942 _2ddc
_cEN
_mPAT
_h616.89
999 _c22453
_d22453